[Event "10. HIT Open 2005 - A"]
[Site "Nova Gorica SLO"]
[Date "2005.01.29"]
[Round "2.14"]
[White "Mihalcisin, Adrian"]
[Black "Cherin, Diego"]
[Result "1-0"]
[WhiteElo "2522"]
[BlackElo "2272"]
[PlyCount "71"]
[EventDate "2005.01.28"]
[EventType "swiss"]
[EventRounds "9"]
[EventCountry "SLO"]
[Source "lmi"]
[SourceDate "2005.02.03"]

1. Nf3 f5 2. d4 Nf6 3. Bg5 d5 4. e3 Nbd7 5. c4 e6 6. cxd5 exd5 7. Qc2 g6 8. Nc3
c6 9. Bd3 Be7 10. O-O-O Ne4 11. Bh6 Qa5 12. Bxe4 fxe4 13. Nd2 Nf6 14. f3 exf3
15. gxf3 Be6 16. Nb3 Qc7 17. Nc5 Bf7 18. Bf4 Qc8 19. h4 b6 20. Nd3 Qe6 21. Be5
O-O-O 22. e4 Kb7 23. Rhe1 Qd7 24. Bf4 dxe4 25. Ne5 Qe6 26. fxe4 Rc8 27. Rf1
Rhd8 28. Nxf7 Qxf7 29. Bg5 Qg7 30. Qb3 Rc7 31. Kb1 h6 32. Bf4 Rcd7 33. Be5 Rf8
34. d5 cxd5 35. Qb5 Rc8 36. Qxd7+ 1-0

[Event "10. HIT Open 2005 - A"]
[Site "Nova Gorica SLO"]
[Date "2005.01.29"]
[Round "2.15"]
[White "Zorko, Jure"]
[Black "Paschall, William M"]
[Result "0-1"]
[WhiteElo "2300"]
[BlackElo "2403"]
[PlyCount "86"]
[EventDate "2005.01.28"]
[EventType "swiss"]
[EventRounds "9"]
[EventCountry "SLO"]
[Source "lmi"]
[SourceDate "2005.02.03"]

1. e4 c5 2. Nf3 g6 3. d4 cxd4 4. Nxd4 Nc6 5. Nc3 Bg7 6. Be3 Nf6 7. Bc4 O-O 8.
Bb3 a5 9. a3 a4 10. Ba2 Qa5 11. O-O d6 12. h3 Nxd4 13. Bxd4 Be6 14. Bxe6 fxe6
15. Qd3 Nd7 16. Bxg7 Kxg7 17. Qb5 Qxb5 18. Nxb5 Rfc8 19. c3 e5 20. Rad1 Rc4 21.
f4 Rxe4 22. Nc7 Rc8 23. Nd5 exf4 24. Rxf4 Rxf4 25. Nxf4 Nc5 26. Kf2 e6 27. Ke3
Rc6 28. Nd3 Nxd3 29. Kxd3 d5 30. Rf1 e5 31. Rf2 b5 32. Ke3 Rd6 33. Kd3 h5 34.
Ke3 h4 35. Kd3 Rf6 36. Re2 Rf5 37. Ke3 Kf6 38. b3 Rg5 39. Rf2+ Ke6 40. bxa4
Rg3+ 41. Kd2 bxa4 42. Re2 Kd6 43. Rf2 Kc5 0-1

[Event "10. HIT Open 2005 - A"]
[Site "Nova Gorica SLO"]
[Date "2005.01.29"]
[Round "2.16"]
[White "Jovanic, Ognjen"]
[Black "Brustkern, Juergen"]
[Result "1-0"]
[WhiteElo "2477"]
[BlackElo "2251"]
[PlyCount "69"]
[EventDate "2005.01.28"]
[EventType "swiss"]
[EventRounds "9"]
[EventCountry "SLO"]
[Source "lmi"]
[SourceDate "2005.02.03"]

1. d4 Nf6 2. c4 c5 3. d5 b5 4. cxb5 a6 5. bxa6 g6 6. Nc3 Bxa6 7. Nf3 Bg7 8. g3
d6 9. Bg2 Nbd7 10. Rb1 Nb6 11. b3 Bc8 12. Nh4 h6 13. Qc2 Qd7 14. f4 Bb7 15. Qd2
O-O 16. Bb2 Ra7 17. O-O Qd8 18. h3 c4 19. b4 Qa8 20. e4 Na4 21. Nxa4 Rxa4 22.
a3 Rc8 23. Rfc1 Nd7 24. Bxg7 Kxg7 25. Qd4+ f6 26. Rxc4 Rxa3 27. Kh2 Kf7 28.
Rbc1 Rxc4 29. Rxc4 Ba6 30. Rc7 Bb5 31. Qd1 Qb8 32. Qc1 Rb3 33. e5 fxe5 34. Qc2
Nf8 35. Rc8 1-0

[Event "10. HIT Open 2005 - A"]
[Site "Nova Gorica SLO"]
[Date "2005.01.29"]
[Round "2.17"]
[White "Srebrnic, Vojko"]
[Black "Kuljasevic, Davorin"]
[Result "0-1"]
[WhiteElo "2240"]
[BlackElo "2401"]
[PlyCount "52"]
[EventDate "2005.01.28"]
[EventType "swiss"]
[EventRounds "9"]
[EventCountry "SLO"]
[Source "lmi"]
[SourceDate "2005.02.03"]

1. d4 Nf6 2. Nf3 c5 3. d5 b5 4. c4 Bb7 5. Nfd2 bxc4 6. e4 e6 7. dxe6 dxe6 8.
Nc3 Be7 9. Bxc4 O-O 10. O-O Nc6 11. Re1 Ne5 12. Qe2 Qd4 13. Nb5 Qd7 14. f3 Nxc4
15. Qxc4 Ba6 16. a4 Rfb8 17. Qc3 Bxb5 18. axb5 Qd4+ 19. Kf1 Qxc3 20. bxc3 Rxb5
21. Nc4 Nd7 22. Rd1 Nb6 23. Nxb6 Rxb6 24. Rd7 Bd6 25. Rdxa7 Rxa7 26. Rxa7 Rb1
0-1

[Event "10. HIT Open 2005 - A"]
[Site "Nova Gorica SLO"]
[Date "2005.01.29"]
[Round "2.18"]
[White "Muzychuk, Anna"]
[Black "Ilic, Ljubomir"]
[Result "0-1"]
[WhiteElo "2387"]
[BlackElo "2229"]
[PlyCount "142"]
[EventDate "2005.01.28"]
[EventType "swiss"]
[EventRounds "9"]
[EventCountry "SLO"]
[Source "lmi"]
[SourceDate "2005.02.03"]

1. e4 c5 2. Nf3 e6 3. c4 Nc6 4. Nc3 a6 5. d4 cxd4 6. Nxd4 Qb6 7. Nb3 Nf6 8. Bd3
Ne5 9. O-O Qc7 10. f4 Nxd3 11. Qxd3 d6 12. f5 Bd7 13. Bf4 e5 14. Bg5 Bc6 15.
Bxf6 gxf6 16. Rac1 Bh6 17. Rc2 Ke7 18. Nd5+ Bxd5 19. exd5 Rac8 20. Kh1 Qb6 21.
Re1 Qb4 22. Re4 Qa4 23. a3 Qd7 24. Nd4 Kf8 25. Nf3 Qxf5 26. Nh4 Qh5 27. Rf2 Bg5
28. g3 Bxh4 29. Rxh4 Qg5 30. Kg2 Ke7 31. b4 Rcg8 32. Qe4 Qc1 33. c5 Rg6 34.
cxd6+ Kxd6 35. Rc2 Qd1 36. b5 Qxd5 37. bxa6 bxa6 38. Qxd5+ Kxd5 39. Ra4 Ra8 40.
Rd2+ Ke6 41. Rc2 h5 42. Kf3 Kf5 43. Rc6 Rg4 44. Raxa6 Rxa6 45. Rxa6 Rc4 46. h3
h4 47. gxh4 Rxh4 48. Kg3 Rd4 49. h4 Rd3+ 50. Kg2 e4 51. h5 Kg5 52. h6 Rd8 53.
a4 Rh8 54. Ra7 Rxh6 55. Rxf7 Kf4 56. Rc7 Rg6+ 57. Kf2 e3+ 58. Kf1 Kf3 59. Rc3
f5 60. a5 f4 61. Ra3 Rc6 62. Ra1 Rh6 63. Kg1 Kg3 64. Ra3 Rd6 65. Kf1 Kf3 66.
Ra1 Rh6 67. Kg1 Rg6+ 68. Kh2 Kf2 69. Kh3 e2 70. Ra2 f3 71. a6 Rxa6 0-1

[Event "10. HIT Open 2005 - A"]
[Site "Nova Gorica SLO"]
[Date "2005.01.29"]
[Round "2.21"]
[White "Krivec, Jana"]
[Black "Stantic, Severino"]
[Result "1-0"]
[WhiteElo "2284"]
[BlackElo "2096"]
[PlyCount "117"]
[EventDate "2005.01.28"]
[EventType "swiss"]
[EventRounds "9"]
[EventCountry "SLO"]
[Source "lmi"]
[SourceDate "2005.02.03"]

1. e4 c5 2. Nf3 d6 3. d4 cxd4 4. Nxd4 Nf6 5. Nc3 a6 6. Bc4 Qc7 7. Bb3 Nc6 8.
Bg5 Nxd4 9. Qxd4 Be6 10. Bxf6 gxf6 11. Nd5 Qa5+ 12. c3 b5 13. f4 Bg7 14. O-O
Bd7 15. Nb6 Rd8 16. f5 Bc6 17. Bd5 Bxd5 18. Nxd5 Rb8 19. Nxe7 Qb6 20. Qxb6 Rxb6
21. Nd5 Rb7 22. a4 O-O 23. axb5 axb5 24. Ra6 Rd8 25. Rfa1 Bh6 26. Nxf6+ Kg7 27.
Ng4 Bg5 28. g3 h5 29. Nf2 b4 30. c4 b3 31. Rc6 Be3 32. Kg2 Re7 33. Re1 Bd4 34.
Nd3 Ra7 35. Re2 Ra1 36. Rc7 Rg1+ 37. Kh3 Rh8 38. Nf4 Kf6 39. Nd5+ Kg7 40. Rb7
Rc1 41. Rxb3 Rxc4 42. Rb7 Rc1 43. Nf4 Kf6 44. Kh4 Ra1 45. Nxh5+ Ke5 46. Rxf7
Bb6 47. g4 Bd8+ 48. g5 Rg1 49. f6 Ke6 50. Rg7 Rf1 51. Kg4 Ke5 52. Rd2 Ra1 53.
Ng3 Ke6 54. f7 Rf8 55. Rf2 Be7 56. g6 Rc1 57. Rg8 Rcc8 58. Rxf8 Rxf8 59. Nh5
1-0

[Event "10. HIT Open 2005 - A"]
[Site "Nova Gorica SLO"]
[Date "2005.01.29"]
[Round "2.22"]
[White "Jaracz, Barbara"]
[Black "Skoberne, Jure"]
[Result "0-1"]
[WhiteElo "2256"]
[BlackElo "2248"]
[PlyCount "92"]
[EventDate "2005.01.28"]
[EventType "swiss"]
[EventRounds "9"]
[EventCountry "SLO"]
[Source "lmi"]
[SourceDate "2005.02.03"]

1. e4 g6 2. d4 Bg7 3. Nf3 d6 4. Nc3 Nf6 5. Be3 c6 6. Qd2 b5 7. Bd3 Qc7 8. Bh6
O-O 9. O-O e5 10. Ne2 Bg4 11. Bxg7 Kxg7 12. Qe3 Nbd7 13. c3 Rfe8 14. Ng3 Bxf3
15. gxf3 Nf8 16. f4 Ne6 17. fxe5 dxe5 18. dxe5 Qxe5 19. f4 Nd5 20. Nf5+ Qxf5
21. exd5 Qxd5 22. Be4 Nd4 23. Rae1 Nc2 24. Bxd5 Rxe3 25. Bxc6 Rc8 26. Rxe3 Nxe3
27. Rf3 Rxc6 28. Rxe3 Rc4 29. Re7 a5 30. Ra7 b4 31. Rxa5 bxc3 32. bxc3 Rxf4 33.
Kg2 f5 34. Ra7+ Kh6 35. Rd7 Rc4 36. Rd3 Kg5 37. Kf3 h5 38. Kg3 h4+ 39. Kf3 Kh5
40. Ke2 g5 41. Rf3 Rc5 42. Kd3 g4 43. Re3 f4 44. Re4 g3 45. h3 g2 46. Re1 f3
0-1

[Event "10. HIT Open 2005 - A"]
[Site "Nova Gorica SLO"]
[Date "2005.01.29"]
[Round "2.23"]
[White "Srebrnic, Marko"]
[Black "Miletic, Dean"]
[Result "1/2-1/2"]
[WhiteElo "2249"]
[BlackElo "2134"]
[PlyCount "104"]
[EventDate "2005.01.28"]
[EventType "swiss"]
[EventRounds "9"]
[EventCountry "SLO"]
[Source "lmi"]
[SourceDate "2005.02.03"]

1. c4 e5 2. Nc3 Nc6 3. g3 g6 4. Bg2 Bg7 5. d3 Nge7 6. e4 O-O 7. Nge2 d6 8. O-O
Be6 9. Be3 Qd7 10. Qd2 f5 11. f4 Nd4 12. Rae1 c6 13. Bf2 Rae8 14. Nxd4 exd4 15.
Ne2 c5 16. Nc1 fxe4 17. Rxe4 d5 18. cxd5 Bxd5 19. Re2 Bxg2 20. Kxg2 Qc6+ 21.
Kg1 Nf5 22. Rxe8 Rxe8 23. Re1 Ne3 24. Bxe3 Rxe3 25. b3 Qd5 26. Re2 h6 27. Qe1
b5 28. Qf2 c4 29. bxc4 bxc4 30. dxc4 Qxc4 31. Rxe3 dxe3 32. Qf1 Qc2 33. a3 a5
34. Ne2 Qb2 35. a4 Qb3 36. Qf3 Kh7 37. Kg2 Qxa4 38. f5 Qc2 39. fxg6+ Kxg6 40.
Qxe3 a4 41. Kf3 Kh7 42. Nc1 Qxh2 43. Qe4+ Kg8 44. Qe8+ Bf8 45. Qg6+ Kh8 46.
Qf6+ Bg7 47. Qd8+ Kh7 48. Qd3+ Kg8 49. Qd5+ Kf8 50. Qd8+ Kf7 51. Qd7+ Kg6 52.
Qd3+ Kf7 1/2-1/2

[Event "10. HIT Open 2005 - A"]
[Site "Nova Gorica SLO"]
[Date "2005.01.29"]
[Round "2.24"]
[White "Stajner, Samo"]
[Black "Spelec, Darko"]
[Result "1-0"]
[WhiteElo "2162"]
[BlackElo "2078"]
[PlyCount "88"]
[EventDate "2005.01.28"]
[EventType "swiss"]
[EventRounds "9"]
[EventCountry "SLO"]
[Source "lmi"]
[SourceDate "2005.02.03"]

1. e4 e5 2. Nc3 Nf6 3. f4 d5 4. fxe5 Nxe4 5. Nf3 Be7 6. d4 Bg4 7. Bd3 Ng5 8.
Bxg5 Bxg5 9. O-O Nc6 10. Bb5 O-O 11. Bxc6 bxc6 12. Qd3 Be7 13. Na4 f6 14. exf6
Bxf6 15. Nc5 Qd6 16. c3 Rae8 17. Kh1 Re7 18. Nb7 Qd7 19. Ne5 Bxe5 20. Rxf8+
Kxf8 21. dxe5 Kg8 22. Re1 Bf5 23. Qd4 Qe8 24. Nc5 Qg6 25. Qh4 Re8 26. Kg1 Qg4
27. Qxg4 Bxg4 28. h3 Bf5 29. Kf2 h5 30. Kf3 g5 31. g4 hxg4+ 32. hxg4 Be6 33.
Kg3 Kg7 34. Re3 Re7 35. b4 Bf7 36. e6 Bg6 37. Re5 Kf6 38. Nd7+ Kg7 39. Rxg5 Kh6
40. Kh4 Be8 41. Nf8 Rg7 42. Rxg7 Kxg7 43. Nd7 Bg6 44. Kg5 Bd3 1-0

[Event "10. HIT Open 2005 - A"]
[Site "Nova Gorica SLO"]
[Date "2005.01.29"]
[Round "3.3"]
[White "Miezis, Normunds"]
[Black "Saric, Ante"]
[Result "1/2-1/2"]
[WhiteElo "2547"]
[BlackElo "2447"]
[PlyCount "77"]
[EventDate "2005.01.28"]
[EventType "swiss"]
[EventRounds "9"]
[EventCountry "SLO"]
[Source "lmi"]
[SourceDate "2005.02.03"]

1. c4 e6 2. e4 c5 3. Nc3 Nc6 4. g3 g6 5. Bg2 Bg7 6. a3 Nge7 7. Nge2 d6 8. Rb1
b6 9. b4 Bb7 10. d3 Qd7 11. O-O O-O 12. b5 Nd4 13. Nxd4 cxd4 14. Ne2 d5 15.
cxd5 exd5 16. e5 Bxe5 17. Bb2 a6 18. a4 axb5 19. axb5 Qd6 20. Bxd4 Nf5 21. Bxe5
Qxe5 22. Re1 Nd4 23. Nxd4 Qxd4 24. Qf3 Ra3 25. Re3 Ra1 26. Ree1 Ra3 27. Bf1 Bc8
28. Qe3 Qxe3 29. fxe3 Bf5 30. e4 dxe4 31. dxe4 Be6 32. Rbc1 Rd8 33. Red1 Rxd1
34. Rxd1 Kf8 35. Rd6 Ra1 36. Kf2 Ra2+ 37. Kg1 Ra1 38. Kf2 Ra2+ 39. Ke3 1/2-1/2

[Event "10. HIT Open 2005 - A"]
[Site "Nova Gorica SLO"]
[Date "2005.01.29"]
[Round "3.4"]
[White "Delchev, Aleksander"]
[Black "Tratar, Marko"]
[Result "1-0"]
[WhiteElo "2597"]
[BlackElo "2469"]
[PlyCount "71"]
[EventDate "2005.01.28"]
[EventType "swiss"]
[EventRounds "9"]
[EventCountry "SLO"]
[Source "lmi"]
[SourceDate "2005.02.03"]

1. e4 e5 2. Nf3 d6 3. d4 Qe7 4. Nc3 c6 5. Bc4 Bg4 6. Be3 g6 7. dxe5 dxe5 8. h3
Bxf3 9. Qxf3 Bg7 10. O-O-O Nf6 11. g4 Nfd7 12. h4 h5 13. gxh5 Rxh5 14. Bg5 Bf6
15. Rhg1 Bxg5+ 16. hxg5 Nb6 17. Bb3 N8d7 18. Qg4 Nc5 19. f4 exf4 20. Qxf4 Nbd7
21. e5 Nxb3+ 22. axb3 Nc5 23. Qe3 Rd8 24. b4 Rxd1+ 25. Rxd1 Qxg5 26. Qxg5 Rxg5
27. bxc5 Rxe5 28. Rd4 Rxc5 29. Ne4 Re5 30. Nd6+ Ke7 31. Nxb7 Rb5 32. Nd6 Rb8
33. Nc4 g5 34. Kd2 f5 35. Rd6 Rc8 36. Rg6 1-0

[Event "10. HIT Open 2005 - A"]
[Site "Nova Gorica SLO"]
[Date "2005.01.29"]
[Round "3.6"]
[White "Markus, Robert"]
[Black "Borisek, Jure"]
[Result "1/2-1/2"]
[WhiteElo "2584"]
[BlackElo "2489"]
[PlyCount "115"]
[EventDate "2005.01.28"]
[EventType "swiss"]
[EventRounds "9"]
[EventCountry "SLO"]
[Source "lmi"]
[SourceDate "2005.02.03"]

1. d4 Nf6 2. c4 g6 3. Nc3 d5 4. Nf3 Bg7 5. Qb3 dxc4 6. Qxc4 O-O 7. e4 a6 8. e5
Nfd7 9. Be3 b5 10. Qd5 c6 11. Qe4 Nb6 12. Qh4 f6 13. Bd3 Be6 14. Ne4 Bd5 15.
O-O a5 16. Rfe1 Na6 17. Bh6 Nc7 18. Re3 Ne6 19. Rae1 Rf7 20. Nc5 Bxh6 21. Qxh6
Nxc5 22. dxc5 Na4 23. exf6 exf6 24. Bxg6 hxg6 25. Qxg6+ Kf8 26. Qh6+ Kg8 27.
Ne5 Rg7 28. Ng6 Rh7 29. Qf4 Qb8 30. Re8+ Qxe8 31. Rxe8+ Rxe8 32. f3 Nxc5 33.
Qxf6 Rg7 34. h4 Nd7 35. Qf5 Be6 36. Qc2 Bf7 37. Nf4 Ne5 38. Kf2 a4 39. a3 Bc4
40. Qf5 Ng4+ 41. fxg4 Rf8 42. Qe5 Rxf4+ 43. Ke3 Rgxg4 44. Qe8+ Kh7 45. Qxc6
Re4+ 46. Qxe4+ Rxe4+ 47. Kxe4 Kg6 48. g4 Be2 49. Kf4 Bd1 50. Kg3 Kf6 51. Kf4
Ke6 52. h5 Kf6 53. g5+ Ke6 54. h6 Bc2 55. Ke3 Kf7 56. Kd2 Bf5 57. Kc3 Kg6 58.
b3 1/2-1/2

[Event "10. HIT Open 2005 - A"]
[Site "Nova Gorica SLO"]
[Date "2005.01.29"]
[Round "3.7"]
[White "Paschall, William M"]
[Black "Kovacevic, Aleksandar"]
[Result "1/2-1/2"]
[WhiteElo "2403"]
[BlackElo "2554"]
[PlyCount "119"]
[EventDate "2005.01.28"]
[EventType "swiss"]
[EventRounds "9"]
[EventCountry "SLO"]
[Source "lmi"]
[SourceDate "2005.02.03"]

1. d4 Nf6 2. c4 e6 3. Nf3 b6 4. g3 Ba6 5. Qa4 Bb7 6. Bg2 c5 7. O-O cxd4 8. Nxd4
Bxg2 9. Kxg2 Qc8 10. Nc3 Qb7+ 11. f3 Be7 12. Bg5 O-O 13. Rae1 a6 14. Ne4 Rc8
15. Qb3 d6 16. Bxf6 gxf6 17. Nc2 Qc7 18. Ne3 f5 19. Nf2 Nc6 20. Rc1 Qb7 21. Nh3
b5 22. Rfd1 Rab8 23. cxb5 Qxb5 24. Qxb5 axb5 25. Nf4 Ra8 26. a3 Na5 27. Nd3 Nb3
28. Rxc8+ Rxc8 29. Nb4 d5 30. Nbxd5 exd5 31. Rxd5 Rc5 32. Nxf5 Bf6 33. Rxc5
Nxc5 34. Nd6 Bxb2 35. Nxb5 Kf8 36. Nd6 Bxa3 37. f4 Ke7 38. Nc4 Bb4 39. Kf3 Bc3
40. e4 Bd4 41. g4 Nb3 42. e5 Bg1 43. h4 Ke6 44. Nd6 Bc5 45. Ne4 Be7 46. g5 Kd5
47. Nc3+ Kd4 48. Nb5+ Kc5 49. Nc3 Kc4 50. Nb1 Kd4 51. h5 Kd5 52. Nc3+ Kd4 53.
Nb5+ Kc5 54. Nd6 Bxd6 55. exd6 Kxd6 56. g6 fxg6 57. hxg6 hxg6 58. Kg4 Ke6 59.
Kg5 Kf7 60. f5 1/2-1/2

[Event "10. HIT Open 2005 - A"]
[Site "Nova Gorica SLO"]
[Date "2005.01.29"]
[Round "3.8"]
[White "Olarasu, Gabriela"]
[Black "Mihalcisin, Adrian"]
[Result "0-1"]
[WhiteElo "2327"]
[BlackElo "2522"]
[PlyCount "58"]
[EventDate "2005.01.28"]
[EventType "swiss"]
[EventRounds "9"]
[EventCountry "SLO"]
[Source "lmi"]
[SourceDate "2005.02.03"]

1. d4 Nf6 2. c4 g6 3. Nc3 d5 4. Nf3 Bg7 5. Bf4 O-O 6. e3 c5 7. dxc5 Ne4 8. Rc1
Nxc3 9. bxc3 Qa5 10. Qb3 dxc4 11. Bxc4 Qxc5 12. Rd1 Nc6 13. Rd5 Qb6 14. Rb5 Qd8
15. Ng5 e6 16. Ne4 Na5 17. Qb4 Nxc4 18. Qxc4 b6 19. Bg5 f6 20. Bf4 Qd7 21. Rb4
Bb7 22. O-O Rac8 23. Qe2 e5 24. Bg3 g5 25. Rd1 Qe7 26. Ra4 Bc6 27. Rc4 Bb5 28.
Nd6 Bxc4 29. Nxc4 Qe6 0-1

[Event "10. HIT Open 2005 - A"]
[Site "Nova Gorica SLO"]
[Date "2005.01.29"]
[Round "3.9"]
[White "Drazic, Sinisa"]
[Black "Ushenina, Anna"]
[Result "1-0"]
[WhiteElo "2489"]
[BlackElo "2357"]
[PlyCount "135"]
[EventDate "2005.01.28"]
[EventType "swiss"]
[EventRounds "9"]
[EventCountry "SLO"]
[Source "lmi"]
[SourceDate "2005.02.03"]

1. d4 d5 2. c4 c6 3. Nf3 Nf6 4. cxd5 cxd5 5. Nc3 Nc6 6. Bf4 Qb6 7. a3 Bg4 8.
Na4 Qd8 9. Ne5 Bd7 10. e3 e6 11. Bd3 Nxe5 12. Bxe5 Qa5+ 13. Nc3 Be7 14. O-O O-O
15. b4 Qd8 16. Qb1 g6 17. Rc1 Rc8 18. Qb3 Ng4 19. Bg3 Bh4 20. Be2 Bxg3 21. hxg3
Nf6 22. g4 Ne8 23. b5 Qa5 24. e4 Qb6 25. Qb4 Nf6 26. exd5 Nxd5 27. Nxd5 exd5
28. Rc5 Be6 29. Rac1 Rcd8 30. Rc7 Rd7 31. R7c3 Kg7 32. Qa4 Ra8 33. Rc5 Qd8 34.
R1c3 Qb6 35. Qc2 Rad8 36. Qc1 Rh8 37. Qf4 Rhd8 38. Rh3 f6 39. Re3 Bg8 40. g5
fxg5 41. Qxg5 Qf6 42. Qe5 Qxe5 43. Rxe5 h5 44. g4 hxg4 45. Bxg4 b6 46. Rc6 Rb7
47. Kg2 Rf8 48. Kg3 Rbf7 49. f3 Rb7 50. Kh4 Rf4 51. Kg5 Rxd4 52. Rxg6+ Kf8 53.
Bh5 Bh7 54. Rge6 Bd3 55. Re8+ Kg7 56. R5e7+ Rxe7 57. Rxe7+ Kf8 58. Re8+ Kg7 59.
f4 Bxb5 60. Re7+ Kf8 61. Rf7+ Kg8 62. Rxa7 Rd2 63. Kf6 Bd3 64. f5 Bxf5 65. Bf7+
Kh8 66. Kxf5 d4 67. Bd5 b5 68. Kg6 1-0

[Event "10. HIT Open 2005 - A"]
[Site "Nova Gorica SLO"]
[Date "2005.01.29"]
[Round "3.10"]
[White "Skoberne, Jure"]
[Black "Nevednichy, Vladislav"]
[Result "0-1"]
[WhiteElo "2248"]
[BlackElo "2559"]
[PlyCount "132"]
[EventDate "2005.01.28"]
[EventType "swiss"]
[EventRounds "9"]
[EventCountry "SLO"]
[Source "lmi"]
[SourceDate "2005.02.03"]

1. e4 c5 2. c3 d6 3. d4 Nf6 4. Bd3 Nc6 5. Nf3 g6 6. h3 Bg7 7. O-O O-O 8. dxc5
dxc5 9. Qe2 Qc7 10. Re1 e5 11. Nbd2 Nh5 12. Bc4 Na5 13. Bd5 Nf4 14. Qf1 Bd7 15.
Rb1 Nxd5 16. exd5 b6 17. c4 f5 18. Kh1 Rae8 19. b3 e4 20. Ng1 Nb7 21. Bb2 Bxb2
22. Rxb2 Qe5 23. Rc2 g5 24. f4 gxf4 25. Ne2 f3 26. gxf3 Nd6 27. Qg1+ Kh8 28. f4
Qf6 29. Qe3 Rg8 30. Rcc1 Rg6 31. Rg1 Reg8 32. Rxg6 hxg6 33. Rg1 Kg7 34. Nf1 Kf7
35. Kh2 Rh8 36. Qc3 Qxc3 37. Nxc3 Rh5 38. Ne3 Kf6 39. Ne2 Nf7 40. Rg3 Rh8 41.
Kg2 b5 42. cxb5 Bxb5 43. Nc3 Bd3 44. Kf2 Nd6 45. Ng2 Rb8 46. Ke3 Rh8 47. Na4 c4
48. Nc5 Rh7 49. b4 Bf1 50. Kf2 Bd3 51. Ke3 Bb1 52. Kd2 Nb5 53. a4 c3+ 54. Kc1
Nd4 55. Re3 c2 56. h4 Ke7 57. Nxe4 fxe4 58. Rxe4+ Kd6 59. Rxd4 Re7 60. Rd2 Re4
61. h5 gxh5 62. f5 h4 63. f6 h3 64. f7 Ke7 65. d6+ Kxf7 66. Ne3 Rxe3 0-1

[Event "10. HIT Open 2005 - A"]
[Site "Nova Gorica SLO"]
[Date "2005.01.29"]
[Round "3.11"]
[White "Pavlovic, Milos"]
[Black "Jelen, Igor"]
[Result "1-0"]
[WhiteElo "2485"]
[BlackElo "2346"]
[PlyCount "53"]
[EventDate "2005.01.28"]
[EventType "swiss"]
[EventRounds "9"]
[EventCountry "SLO"]
[Source "lmi"]
[SourceDate "2005.02.03"]

1. e4 c5 2. Nf3 Nc6 3. d4 cxd4 4. Nxd4 Nf6 5. Nc3 e5 6. Ndb5 d6 7. Nd5 Nxd5 8.
exd5 Nb8 9. a4 Be7 10. Be2 O-O 11. O-O f5 12. f4 a6 13. Na3 Nd7 14. Nc4 exf4
15. Bxf4 Nc5 16. a5 Qc7 17. Nb6 Rb8 18. b4 Ne4 19. c4 Bf6 20. Rc1 g5 21. Be3
Bb2 22. Rc2 Qg7 23. Bd3 Bd4 24. Bxd4 Qxd4+ 25. Kh1 f4 26. Re2 Bg4 27. Rxe4 1-0

[Event "10. HIT Open 2005 - A"]
[Site "Nova Gorica SLO"]
[Date "2005.01.29"]
[Round "3.12"]
[White "Krumpacnik, Domen"]
[Black "Jovanic, Ognjen"]
[Result "1-0"]
[WhiteElo "2364"]
[BlackElo "2477"]
[PlyCount "91"]
[EventDate "2005.01.28"]
[EventType "swiss"]
[EventRounds "9"]
[EventCountry "SLO"]
[Source "lmi"]
[SourceDate "2005.02.03"]

1. d4 Nf6 2. c4 c5 3. d5 g6 4. Nc3 Bg7 5. e4 d6 6. Bd3 O-O 7. Nge2 a6 8. O-O e6
9. Ng3 exd5 10. exd5 Ng4 11. h3 Ne5 12. Be2 f5 13. f4 Qh4 14. fxe5 Qxg3 15. Bf4
Qh4 16. e6 Qe7 17. Qd2 b5 18. cxb5 Bb7 19. Bg5 Qc7 20. Bc4 axb5 21. Nxb5 Qb6
22. a4 Ra5 23. Be7 Re8 24. Bxd6 Rxb5 25. Bxb5 Qxd6 26. Bxe8 Bd4+ 27. Kh1 Bxd5
28. Bf7+ Kg7 29. Ra3 Nc6 30. Rd3 Be4 31. Rxd4 cxd4 32. a5 Ne5 33. b3 Nd3 34.
Kg1 Kf6 35. Be8 Nc5 36. Qb4 d3 37. Bb5 Kxe6 38. Rc1 Qg3 39. Bc4+ Kf6 40. Qd2
Nd7 41. Qf2 Qd6 42. Bb5 Ne5 43. Qb6 Qxb6+ 44. axb6 Ke6 45. Ba6 Nc6 46. Bxd3 1-0

[Event "10. HIT Open 2005 - A"]
[Site "Nova Gorica SLO"]
[Date "2005.01.29"]
[Round "3.13"]
[White "Jankovic, Alojzije"]
[Black "Krivec, Jana"]
[Result "1-0"]
[WhiteElo "2477"]
[BlackElo "2284"]
[PlyCount "71"]
[EventDate "2005.01.28"]
[EventType "swiss"]
[EventRounds "9"]
[EventCountry "SLO"]
[Source "lmi"]
[SourceDate "2005.02.03"]

1. d4 d5 2. c4 dxc4 3. e3 c5 4. Bxc4 cxd4 5. exd4 e6 6. Nf3 Qc7 7. Bb3 Nf6 8.
O-O Be7 9. Nc3 Nc6 10. a3 O-O 11. Re1 Rd8 12. Bg5 Qb6 13. d5 Ng4 14. Rf1 Bxg5
15. Nxg5 Nf6 16. Re1 h6 17. Nxf7 Kxf7 18. dxe6+ Ke7 19. Qc2 Rf8 20. Rad1 Nd8
21. Rd7+ Bxd7 22. exd7+ Kxd7 23. Qf5+ Kc7 24. Nb5+ Qxb5 25. Qxb5 Nc6 26. Qf5
Rae8 27. Qf4+ Kb6 28. Rxe8 Rxe8 29. Kf1 Re4 30. Qg3 Re7 31. f3 Nd7 32. Ba4 Nc5
33. Bxc6 Kxc6 34. b4 Nd7 35. b5+ Kxb5 36. Qd6 1-0

[Event "10. HIT Open 2005 - A"]
[Site "Nova Gorica SLO"]
[Date "2005.01.29"]
[Round "3.14"]
[White "Brkic, Ante"]
[Black "Stajner, Samo"]
[Result "1-0"]
[WhiteElo "2458"]
[BlackElo "2162"]
[PlyCount "75"]
[EventDate "2005.01.28"]
[EventType "swiss"]
[EventRounds "9"]
[EventCountry "SLO"]
[Source "lmi"]
[SourceDate "2005.02.03"]

1. e4 c5 2. Nf3 Nc6 3. d4 cxd4 4. Nxd4 g6 5. c4 Bg7 6. Be3 Nf6 7. Nc3 Ng4 8.
Qxg4 Nxd4 9. Qd1 Ne6 10. Qd2 Qa5 11. Rc1 b6 12. Qd5 Qxd5 13. cxd5 Nc5 14. f3
Ba6 15. Kd2 d6 16. Nb5 Kd8 17. b4 Nd7 18. Be2 Bxb5 19. Bxb5 Rc8 20. Rxc8+ Kxc8
21. Rc1+ Kd8 22. a4 h5 23. Ba6 Nb8 24. Bb7 Kd7 25. a5 bxa5 26. bxa5 Bh6 27.
Bxh6 Rxh6 28. Rc8 a6 29. Rxb8 Kc7 30. Re8 Kxb7 31. Rxe7+ Kb8 32. Rxf7 g5 33.
Kd3 Rg6 34. Kd4 Rg8 35. Rd7 Rg6 36. e5 dxe5+ 37. Kxe5 Kc8 38. Rd6 1-0

[Event "10. HIT Open 2005 - A"]
[Site "Nova Gorica SLO"]
[Date "2005.01.29"]
[Round "3.15"]
[White "Ilic, Ljubomir"]
[Black "Lenic, Luka"]
[Result "0-1"]
[WhiteElo "2229"]
[BlackElo "2450"]
[PlyCount "86"]
[EventDate "2005.01.28"]
[EventType "swiss"]
[EventRounds "9"]
[EventCountry "SLO"]
[Source "lmi"]
[SourceDate "2005.02.03"]

1. e4 c5 2. Nf3 Nc6 3. d4 cxd4 4. Nxd4 e5 5. Nb5 d6 6. N1c3 a6 7. Na3 Be6 8.
Nc4 b5 9. Ne3 Be7 10. Ncd5 Nf6 11. Nxf6+ Bxf6 12. a4 O-O 13. Bd3 Bg5 14. O-O b4
15. c3 bxc3 16. bxc3 Na5 17. Qe2 Nb3 18. Rb1 Nxc1 19. Rfxc1 Qa5 20. Rd1 Qxc3
21. Bxa6 Bxe3 22. fxe3 Bg4 23. Qxg4 Qxe3+ 24. Kh1 Rxa6 25. Qf3 Qa7 26. h3 Rd8
27. Rb5 Qa8 28. Qd3 Re8 29. a5 Rxa5 30. Rxa5 Qxa5 31. Qxd6 Qb5 32. Kh2 g6 33.
Qf6 Qc4 34. Qf3 Qc7 35. Rd5 Re6 36. Qa3 Kg7 37. Qa8 Qc1 38. Rd8 Qf4+ 39. Kg1
Rb6 40. Rg8+ Kh6 41. Qf8+ Kh5 42. g4+ Kh4 43. Qd8+ Rf6 0-1

[Event "10. HIT Open 2005 - A"]
[Site "Nova Gorica SLO"]
[Date "2005.01.29"]
[Round "3.16"]
[White "Beletic, Danijel"]
[Black "Nikolov, Sasho"]
[Result "1-0"]
[WhiteElo "2199"]
[BlackElo "2431"]
[PlyCount "73"]
[EventDate "2005.01.28"]
[EventType "swiss"]
[EventRounds "9"]
[EventCountry "SLO"]
[Source "lmi"]
[SourceDate "2005.02.03"]

1. d4 d5 2. c4 e6 3. Nc3 c6 4. Nf3 dxc4 5. e4 b5 6. Be2 Bb7 7. O-O a6 8. a4 Nf6
9. Qc2 Nbd7 10. Rd1 Be7 11. e5 Nd5 12. Ne4 h6 13. Bd2 Qb6 14. b3 cxb3 15. Qxb3
O-O 16. Rab1 b4 17. a5 Qxa5 18. Ne1 f5 19. exf6 N7xf6 20. Nxf6+ Rxf6 21. Nd3
Qb6 22. Nxb4 Nxb4 23. Bxb4 Bxb4 24. Qxb4 Qxb4 25. Rxb4 Rf7 26. Ra1 a5 27. Rba4
Rd7 28. f4 Rad8 29. Rxa5 Rxd4 30. Ra7 Rb4 31. Bf3 Rb8 32. Rd1 Rf8 33. Rd7 Rf7
34. Rxf7 Kxf7 35. Bxc6 Rxf4 36. Rxb7+ Kf8 37. Bf3 1-0